Destabilized population techniques for analyzing adult mortality data : the cases of Chile and Argentina /

Bibliographic Details
Main Author: Flórez Nieto, Carmen Elisa
Format: Thesis Microform Book
Language:English
Published: [Place of publication not identified] : [publisher not identified] ; 1982.
Subjects:

MARC

Tag First Indicator Second Indicator Subfields
LEADER 00000cam a2200000 a 4500
001 in00000008984
005 20151007051443.0
007 hd afb|||||||
008 880308r19831982miua ab 00010 eng d
035 |a (OCoLC)17597411 
035 |9 AAA3055AM 
040 |a TXA  |c TXA  |d UtOrBLW 
043 |a s-cl---  |a s-ag--- 
049 |a TXAI 
099 |a film  |a B  |a 3488 
100 1 |a Flórez Nieto, Carmen Elisa. 
245 1 0 |a Destabilized population techniques for analyzing adult mortality data :  |b the cases of Chile and Argentina /  |c Carmen Elisa Florez-Valderrama. 
264 1 |a [Place of publication not identified] :  |b [publisher not identified] ;  |c 1982. 
300 |a xii, 150 leaves :  |b illustrations 
336 |a text  |b txt  |2 rdacontent 
337 |a microform  |b h  |2 rdamedia 
338 |a microfilm reel  |b hd  |2 rdacarrier 
502 |b Ph. D.  |c Princeton University  |d 1982. 
504 |a Bibliography: leaves 147-150. 
533 |a Microfilm.  |b Ann Arbor, Mich. :  |c University Microfilms International,  |d 1983.  |e 1 microfilm reel ; 35 mm. 
500 |a Microform. 
650 0 |a Mortality  |z Chile. 
650 0 |a Mortality  |z Argentina. 
651 0 |a Chile  |x Statistics, Vital. 
651 0 |a Argentina  |x Statistics, Vital. 
999 |a MARS 
999 f f |s 5b02de24-bac0-34df-96c3-f5de91b93c79  |i e8d43d7b-d763-3972-bab0-e23a02edae75  |t 0 
952 f f |p default  |a Texas A&M University  |b College Station  |c Sterling C. Evans Library  |d Evans: Microforms (3rd floor)  |t 0  |e film B 3488  |h Other scheme  |i microform -- microfilm reel 
998 f f |a film B 3488  |t 0  |l Evans: Microforms (3rd floor)